00773nam a22001817a 4500003000900000008004100009020001800050040007100068082001600139100002000155245003900175260005800214300003800272505022800310650002500538650001300563650001500576AR-CdUCM190311b ||||| |||| 00| 0 spa d a84-313-0634-3 aMUNICIPALIDAD PROVINCIAL DEL CUSCOcBIBLIOTECA MUNICIPAL DEL CUSCO a194 /bEC14 aEchauri, Raúl aEl pensamiento de Etienne Gilson / aPamplona - España :bUniversidad de Navarra,c1980. a243 páginas ;bretrato,c21 cm. aContenido: La doctrina del ser en Santo Tomás -- La antropología Tomista -- El realismo filosófico -- La filosofía Cristiana -- La restauración de la filosofía medieval -- Escolástica y pensamiento moderno ... aFilosofía francesa aSiglo XX aTeología